LEADER 02104oam 2200589M 450 001 9910716286203321 005 20200213071006.6 035 $a(CKB)5470000002519260 035 $a(OCoLC)1065637594 035 $a(OCoLC)995470000002519260 035 $a(EXLCZ)995470000002519260 100 $a20071213d1926 ua 0 101 0 $aeng 135 $aurcn||||||||| 181 $ctxt$2rdacontent 182 $cc$2rdamedia 183 $acr$2rdacarrier 200 10$aEnriqueta Koch V. De Jeanneret. February 20, 1926. -- Committed to the Committee of the Whole House and ordered to be printed 210 1$a[Washington, D.C.] :$c[U.S. Government Printing Office],$d1926. 215 $a1 online resource (16 pages) 225 1 $aHouse report / 69th Congress, 1st session. House ;$vno. 348 225 1 $a[United States congressional serial set ] ;$v[serial no. 8535] 300 $aBatch processed record: Metadata reviewed, not verified. Some fields updated by batch processes. 300 $aFDLP item number not assigned. 606 $aAssault and battery 606 $aCourts-martial and courts of inquiry 606 $aGovernment liability (International law) 606 $aClaims 606 $aLegislative amendments 606 $aMedical care 606 $aPeople with disabilities 606 $aSailors 608 $aLegislative materials.$2lcgft 615 0$aAssault and battery. 615 0$aCourts-martial and courts of inquiry. 615 0$aGovernment liability (International law) 615 0$aClaims. 615 0$aLegislative amendments. 615 0$aMedical care. 615 0$aPeople with disabilities. 615 0$aSailors. 701 $aUnderhill$b Charles Lee$f1867-1946$pRepublican (MA)$01386821 801 0$bWYU 801 1$bWYU 801 2$bOCLCO 801 2$bOCLCQ 801 2$bOCLCO 801 2$bOCLCQ 906 $aBOOK 912 $a9910716286203321 996 $aEnriqueta Koch V. De Jeanneret. February 20, 1926. -- Committed to the Committee of the Whole House and ordered to be printed$93463479 997 $aUNINA LEADER 02777nam 2200661 a 450 001 9910966515203321 005 20240513212859.0 010 $a9780226240800 010 $a0226240800 024 7 $a10.7208/9780226240800 035 $a(CKB)2560000000061129 035 $a(EBL)665704 035 $a(OCoLC)707067838 035 $a(SSID)ssj0000469294 035 $a(PQKBManifestationID)11302103 035 $a(PQKBTitleCode)TC0000469294 035 $a(PQKBWorkID)10510350 035 $a(PQKB)10845686 035 $a(MiAaPQ)EBC665704 035 $a(DE-B1597)535499 035 $a(OCoLC)1135590410 035 $a(DE-B1597)9780226240800 035 $a(Au-PeEL)EBL665704 035 $a(CaPaEBR)ebr10453073 035 $a(Perlego)1834199 035 $a(EXLCZ)992560000000061129 100 $a19900831d1991 uy 0 101 0 $aeng 135 $aur|n|---||||| 181 $ctxt$2rdacontent 182 $cc$2rdamedia 183 $acr$2rdacarrier 200 10$aFormations of violence $ethe narrative of the body and political terror in Northern Ireland /$fAllen Feldman 205 $a1st ed. 210 1$aChicago :$cUniversity of Chicago Press,$d1991. 215 $a1 online resource (333 pages) 311 0 $a9780226240701 311 0 $a0226240703 311 0 $a9780226240718 311 0 $a0226240711 320 $aIncludes bibliographical references (p. 303-309) and index. 327 $a1. Artifacts and instruments of agency -- 2. Spatial formations of violence -- 3. Hardmen, gunmen, butchers, doctors, stiffs, ghosts, and black men -- 4. Being done : rites of political passage -- 5. The breaker's yard -- 6. Eschatology. 330 $a"A sophisticated and persuasive late-modernist political analysis that consistently draws the reader into the narratives of the author and those of the people of violence in Northern Ireland to whom he talked. . . . Simply put, this book is a feast for the intellect"-Thomas M. Wilson, American Anthropologist "One of the best books to have been written on Northern Ireland. . . . A highly imagination and significant book. Formations of Violence is an important addition to the literature on political violence."-David E. Schmitt, American Political Science Review 606 $aPolitical violence$zNorthern Ireland 606 $aCounterinsurgency$zNorthern Ireland 606 $aPolitical prisoners$zNorthern Ireland$vCase studies 615 0$aPolitical violence 615 0$aCounterinsurgency 615 0$aPolitical prisoners 676 $a303.6/09416 700 $aFeldman$b Allen$01791139 801 0$bMiAaPQ 801 1$bMiAaPQ 801 2$bMiAaPQ 906 $aBOOK 912 $a9910966515203321 996 $aFormations of violence$94361758 997 $aUNINA